Annual Report (Harvard University Art Museums)

محفوظ في:

التنسيق: دورية

اللغة: Undetermined

منشور في: JSTOR
The President and Fellows of Harvard College

الموضوعات:

الوصول للمادة أونلاين: Login to view Source

الوسوم: إضافة وسم

لا توجد وسوم, كن أول من يضع وسما على هذه التسجيلة!

رقم الطلب:

LEADER 00581nas a2200169Ia 4500
008 220214c99999999xx |||||||||||| ||und||
022 |a 1534-5920 
245 0 0 |a Annual Report (Harvard University Art Museums) 
264 1 |b JSTOR 
264 1 |b The President and Fellows of Harvard College 
362 0 |a (1997)-(2006) 
500 |a Coverage for this title ends with issues in 2007/ 2008. 
653 1 0 |a Arts 
856 4 0 |u https://www.jstor.org/journal/annurepoharvuniv 
942 |c JL 
952 |0 0  |1 0  |4 0  |7 1  |9 33918  |a JSR  |b JSR  |d 2022-02-14  |l 0  |r 2022-02-14 00:00:00  |w 2022-02-14  |y JL 
999 |c 42252  |d 42252